000 00593nam a2200181Ia 4500
008 090123s9999 xx 000 0 und d
082 _b31380
100 _aतेंडुलकर प्रिया
245 _aजावे तिच्या वंशा
250 _a1
260 _bराजहंस
_c2000
300 _a217
600 _aतेंडुलकर प्रिया
630 _aजावे तिच्या वंशा
700 _aतेंडुलकर प्रिया
730 _aजावे तिच्या वंशा
942 _cBOOK
999 _c69439
_d69439